00894cam a22002891 4500001001300000003000400013005001700017008004100034010001700075035002000092040001800112042001200130050002400142100003900166245004200205260001000247300002700257440004300284500004500327500005500372504004000427700002900467700002800496740003200524740003100556999001700587sa 65002986 DLC20260227112120.0890815s1961 ii b 000 0 sano  asa 65002986  a(OCoLC)20179742 aDLCcWaUdDLC apremarc00aPK3798.K73bA6 19610 aKṣemendra,dactive 11th century.00aKṣemendralaghukāvyasaṅgrahaḥ. c1961. aii, 31, 599 p.c22 cm. 0aSanskrit Academy series ;vno. 7, A. 5 aAdded t. p.: Minor works of Kṣemendra. aText in Sanskrit; introd. and glossary in English. aBibliography: p. [29]-31 (2d group)1 aSharma, Aryendra,d1910-1 aRaghavacharya, E. V. V.0 aMinor works of Kṣemendra.0 aLaghukāvyasaṅgrahaḥ. c62906d62906